Teleradiology

Developments in teleradiology are progressing at great speed. As a consequence, there is a need for a broad overview of the field. This first-ever book on teleradiology is presented in such a way that it should make it accessible to anyone, independent of their knowledge of technology. The text is d...

Πλήρης περιγραφή

Λεπτομέρειες βιβλιογραφικής εγγραφής
Συγγραφή απο Οργανισμό/Αρχή: SpringerLink (Online service)
Άλλοι συγγραφείς: Kumar, Sajeesh (Επιμελητής έκδοσης), Krupinski, Elizabeth A. (Επιμελητής έκδοσης)
Μορφή: Ηλεκτρονική πηγή Ηλ. βιβλίο
Γλώσσα:English
Έκδοση: Berlin, Heidelberg : Springer Berlin Heidelberg, 2008.
Θέματα:
Διαθέσιμο Online:Full Text via HEAL-Link
LEADER 03895nam a22004695i 4500
001 978-3-540-78871-3
003 DE-He213
005 20151204143920.0
007 cr nn 008mamaa
008 100301s2008 gw | s |||| 0|eng d
020 |a 9783540788713  |9 978-3-540-78871-3 
024 7 |a 10.1007/978-3-540-78871-3  |2 doi 
040 |d GrThAP 
050 4 |a R895-920 
072 7 |a MMPH  |2 bicssc 
072 7 |a MED019000  |2 bisacsh 
082 0 4 |a 616.0757  |2 23 
245 1 0 |a Teleradiology  |h [electronic resource] /  |c edited by Sajeesh Kumar, Elizabeth A. Krupinski. 
264 1 |a Berlin, Heidelberg :  |b Springer Berlin Heidelberg,  |c 2008. 
300 |a XXX, 284 p. 74 illus., 47 illus. in color.  |b online resource. 
336 |a text  |b txt  |2 rdacontent 
337 |a computer  |b c  |2 rdamedia 
338 |a online resource  |b cr  |2 rdacarrier 
347 |a text file  |b PDF  |2 rda 
505 0 |a to Teleradiology -- The Future of Teleradiology in Medicine Is Here Today -- Compression of Medical Images for Teleradiology -- DICOM Image Secure Communication with Internet Protocols -- Radiological Tele-immersion -- Use of a Radiology Picture Archiving and Communication System to Catalogue Photographic Images -- Teleradiology with DICOM E-mail -- Teleradiology Multimedia Messaging Service in the Provision of Emergency Neurosurgical Service -- Ultrasound Image Transmission via Camera Phones -- Clinical Teleradiology: Collaboration over the Web During Interventional Radiology Procedures -- Teleplanning in Image-Guided Dental Implantology -- Web-Based Medical System for Managing and Processing Gynecological–Obstetrical–Radiological Data -- Robotized Tele-echography -- US Army Teleradiology: Using Modern X-ray Technology To Treat Our Soldiers -- Teleradiology for Traumatic Brain Injury Management -- Impact of Teleradiology in Clinical Practice: A Malaysian Perspective -- Teleradiology: A Northern Finland Perspective -- Wireless Teleradiology and Security -- High-Volume Teleradiology Service: Focus on Radiologist and Patient Satisfaction -- Global Trade in Teleradiology: Economic and Legal Concerns -- Teleradiology: An Audit. 
520 |a Developments in teleradiology are progressing at great speed. As a consequence, there is a need for a broad overview of the field. This first-ever book on teleradiology is presented in such a way that it should make it accessible to anyone, independent of their knowledge of technology. The text is designed to be used by all professionals, including radiologists, surgeons, nurses and allied health professionals, and computer scientists. In a very short time, driven by technical developments, the field of teleradiology has become too extensive to be covered by only a small number of experts. Therefore, Teleradiology has been written with chapter contributions from a host of renowned international authorities in teleradiology (see the Contents and the Contributors). This ensures that the subject matter focusing on recent advances in teleradiology is truly up to date. Our guiding hope during this task was that as editors of multiple chapters we could still write with a single voice and keep the content coherent and simple. We hope that the clarity of this book makes up for any limitations in its comp- hensiveness. 
650 0 |a Medicine. 
650 0 |a General practice (Medicine). 
650 0 |a Radiology. 
650 0 |a Nursing. 
650 1 4 |a Medicine & Public Health. 
650 2 4 |a Diagnostic Radiology. 
650 2 4 |a General Practice / Family Medicine. 
650 2 4 |a Nursing. 
700 1 |a Kumar, Sajeesh.  |e editor. 
700 1 |a Krupinski, Elizabeth A.  |e editor. 
710 2 |a SpringerLink (Online service) 
773 0 |t Springer eBooks 
776 0 8 |i Printed edition:  |z 9783540788706 
856 4 0 |u http://dx.doi.org/10.1007/978-3-540-78871-3  |z Full Text via HEAL-Link 
912 |a ZDB-2-SME 
950 |a Medicine (Springer-11650)